00439nam a2200169 a 45000010005000000030009000050080041000140400028000550820016000831000015000992450061001142600033001753000010002084900029002186500015002476500007002624610CO-ViMGA141112s2004 ck r 000 u spa d aCO-ViMGAbspacCO-ViMGA04a291.37 J8531 aJung, Carl10aAion : bcontribución a los simbolismos del si - mismo aBarcelona : bPaidos, c1992 a301 p aPsicologia profunda, 11314aSIMBOLISMO14aYO